000 00310nam a22001217a 4500
008 230620b xxu||||| |||| 00| 0 eng d
082 _a327.17
_bUNI 1992
245 _aThe United Nations Disarmament Yearbook
260 _aNew York
_bUnited Nations
_c1992
300 _aXI,393p
440 _v17
942 _2ddc
_cBK
999 _c1931
_d1931